Welcome to CU Library Online Public Access Catalogue (OPAC)

Facing and fighting fatigue : (Record no. 3229)

MARC details
000 -LEADER
fixed length control field 00629pam a2200205 a 4500
001 - CONTROL NUMBER
control field 1653980
005 - DATE AND TIME OF LATEST TRANSACTION
control field 20250129183856.0
008 - FIXED-LENGTH DATA ELEMENTS--GENERAL INFORMATION
fixed length control field 970716s1998 ctua b 001 0 eng
020 ## - INTERNATIONAL STANDARD BOOK NUMBER
International Standard Book Number 0300068484 (cloth : alk. paper)
020 ## - INTERNATIONAL STANDARD BOOK NUMBER
International Standard Book Number 9780300074017
050 00 - LIBRARY OF CONGRESS CALL NUMBER
Classification number RB150.F37
Item number N39 1998
082 00 - DEWEY DECIMAL CLASSIFICATION NUMBER
Classification number 616/.0478
Edition information 21
100 1# - MAIN ENTRY--PERSONAL NAME
Personal name Natelson, Benjamin H.
245 10 - TITLE STATEMENT
Title Facing and fighting fatigue :
Remainder of title a practical approach /
Statement of responsibility, etc. Benjamin H. Natelson.
260 ## - PUBLICATION, DISTRIBUTION, ETC.
Place of publication, distribution, etc. New Haven :
Name of publisher, distributor, etc. Yale University Press,
Date of publication, distribution, etc. c1998.
300 ## - PHYSICAL DESCRIPTION
Extent xi, 211 p. :
Other physical details ill. ;
Dimensions 22 cm.
650 #0 - SUBJECT ADDED ENTRY--TOPICAL TERM
Topical term or geographic name entry element Fatigue.
650 #0 - SUBJECT ADDED ENTRY--TOPICAL TERM
Topical term or geographic name entry element Chronic fatigue syndrome.
942 ## - ADDED ENTRY ELEMENTS (KOHA)
Source of classification or shelving scheme Library of Congress Classification
Koha item type Books
Suppress in OPAC No
999 ## -
-- 3229
-- 3229
Holdings
Withdrawn status Lost status Source of classification or shelving scheme Damaged status Not for loan Collection Home library Current library Shelving location Date acquired Total checkouts Full call number Barcode Date last seen Copy number Price effective from Koha item type
    Library of Congress Classification     Non-fiction Science Library (Miotso) Science Library (Miotso) General stacks 01/29/2025   RB150 .F37N39 NAT SLM00002585 01/29/2025 1 01/29/2025 Books
© 2023-2024 Copyright: Central University Libraries. All Rights Reserved | Created by: Mahone Tech Office